• 首页
  • 本馆介绍
  • 公告通知
  • 最新文献
  • 馆藏检索
  • 电子资源
  • 读者导购
  • 参考咨询
  • 我的图书馆
  • 登录
  • 详细信息显示
  • 放入我的书架
  • 预约/预借图书
  • 作者相关作品
  • 分类相关作品
  • 丛书相关作品
  • 出版社相关作品

书目信息

  • 表格格式
  • 工作单格式
  • 卡片格式
题名:
小提琴自学教程
    
 
作者: 高璐 编著
分册:  
出版信息: 成都   成都时代出版社  2016
页数: 121页
开本: 29cm
丛书名:
单 册:
中图分类: J622.16
科图分类:
主题词: 小提琴--奏法--教材
电子资源:
ISBN: 978-7-5464-1724-0
000 00761nam0 2200229 450
001 6109
005 20180530131038.16
010    @a978-7-5464-1724-0@dCNY48.00
100    @a20161213d2016 em y0chiy50 ea
101 0  @achi
102    @aCN@b510000
105    @aag z 000yy
200 1  @a小提琴自学教程@9xiao ti qin zi xue jiao cheng@f高璐编著
210    @a成都@c成都时代出版社@d2016
215    @a121页@c照片,图@d29cm@e1光盘
300    @a畅销升级版
330    @a本书分五个章节,由浅入深地介绍了小提琴的基础入门知识和基本演奏方法,对一些小提琴演奏要点,如指法、运弓、换把等进行了详细的讲解。
606 0  @a小提琴@x奏法@j教材
690    @aJ622.16@v5
701  0 @a高璐@9gao lu@c(小提琴)@4编著
801  0 @aCN@b91MARC@c20161213
905    @aMuseLib@dJ622.16@e308
    
    小提琴自学教程/高璐编著.-成都:成都时代出版社,2016
    121页:照片,图;29cm+1光盘
    畅销升级版
    
    ISBN 978-7-5464-1724-0:CNY48.00
    本书分五个章节,由浅入深地介绍了小提琴的基础入门知识和基本演奏方法,对一些小提琴演奏要点,如指法、运弓、换把等进行了详细的讲解。
●
相关链接 在E读中查询图书 在五车中查询图书 在当当中查询图书 在豆瓣中查询图书


正题名:小提琴自学教程     索取号:J622.16/308         预约/预借

序号 登录号 条形码 馆藏地/架位号 状态 备注
1 1116018   211160189   第一样本阅览室/ [索取号:J622.16/308] 在馆    
2 1116019   211160198   教育系资料室/ [索取号:J622.16/308] 在馆    
3 1116020   211160205   教育系资料室/ [索取号:J622.16/308] 在馆    
4 1116021   211160214   教育系资料室/ [索取号:J622.16/308] 在馆    
5 1116022   211160223   第一借阅区/ [索取号:J622.16/308] 在馆    
6 1116023   211160232   第一借阅区/ [索取号:J622.16/308] 在馆    
唐山师范学院图书馆 欢迎您!
大连网信软件有限公司© 版权所有